000 00383pab a2200169 454500
008 180718b2014 xxu||||| |||| 00| 0 eng d
245 _aCWTS Leiden Ranking
260 _c2014
300 _ap.56-60.
362 _a8 Dec
650 _aHigher education
650 _aUniversities
650 _aAcademic standards
773 _aUniversity News
908 _aN
909 _a106477
999 _c106472
_d106472